000
00333nam a22001457a 4500
008
210426b ||||| |||| 00| 0 eng d
020
_a
0226458032
041
_a
eng
080
_2
2nd
_a
94
082
_a
94
100
_a
16
101
_a
SHH
245
_a
The Structure of Scientific Revolutions
_c
Thomas S. Kuhn
942
_2
udc
_c
BK
999
_c
56753
_d
56753